Statistics for Naruto Ultimate Ninja 3

Click here to take the quiz!

General Stats

  • This quiz has been taken 540 times
  • The average score is 25 of 42

Answer Stats

HintAnswer% Correct
1Naruto
100%
2Sasuke
98%
3Sakura
97%
4Kakashi
96%
14Hinata
88%
11Choji
87%
10Ino
87%
9Shikamaru
87%
5Neji
86%
7Rock Lee
85%
13Kiba
84%
6TenTen
84%
12Asuma
82%
15Shino
82%
8Guy
77%
16Kurenai
77%
25Tsunade
77%
26Orochimaru
76%
27Itachi
75%
17Gaara
70%
24Jiraiya
70%
36Minato
68%
19Temari
68%
18Kankuro
64%
31Kabuto
60%
28Kisame
58%
35Hiruzen
56%
32Konohamaru
36%
29Shizune
36%
21Haku
33%
20Zabuza
33%
41Kimimaro
32%
30Anko
30%
40Tayuya
30%
39Sakon
29%
38Kidomaru
26%
37Jirobo
25%
331st Hokage
15%
342nd Hokage
15%
42Hanabi
11%
22Green Beast
5%
23Anbu Kakashi
3%

Score Distribution

Percentile by Number Answered

Percent of People with Each Score

Your Score History

You have not taken this quiz